Quiz de Forma do País #1 - Statistics

Estatísticas Gerais
  • Esse quiz foi jogado 128 vezes
  • A pontuação média é 13 de 16
Estatísticas das Respostas
Imagem Resposta % Correto
Itália
99%
Estados Unidos
97%
Brasil
95%
Austrália
93%
Índia
93%
França
90%
China
89%
Reino Unido
89%
Indonésia
88%
Japão
87%
México
87%
Egito
85%
Noruega
85%
Argentina
84%
Panamá
46%
Iraque
36%
Nenhum quiz correspondente encontrado
Distribuição das Pontuações
Porcentagem de Pessoas com Cada Pontuação
Percentil de Números Respondidos
Sua Pontuação Histórica
Você não jogou esse quiz